Estadísticas para Top 10 Países Europeos más Islámicos

Haz click aquí para tomar la prueba!

Estadísticas generales

  • Esta prueba ha sido tomada 1.367 veces
  • La puntuación promedio es 7 de 11

Estadísticas de respuestas

%País% Correcto
56.7Albania
93%
50.7Bosnia y Herzegovina
80%
7 - 9Francia
80%
95.6Kosovo
78%
33.3Macedonia del Norte
76%
7.8Bulgaria
74%
19.1Montenegro
73%
10 - 15Rusia
58%
5Bélgica
46%
5Suecia
44%
5Países Bajos
42%

Distribución de puntuación

Porcentaje por número respondido

Porcentaje de gente con cada puntuación

Historial de tus puntuaciones

No has tomado esta prueba